Scotland's living landscapes (Record no. 107522)

MARC details
000 -LEADER
fixed length control field 01405cam a22002175a 4500
001 - CONTROL NUMBER
control field E140622
008 - FIXED-LENGTH DATA ELEMENTS--GENERAL INFORMATION
fixed length control field 071002s2007 stk g 000 0 eng d
020 ## - INTERNATIONAL STANDARD BOOK NUMBER
International Standard Book Number 9781853975295
035 ## - SYSTEM CONTROL NUMBER
System control number (Sirsi) u140622
041 0# - LANGUAGE CODE
Language code of text/sound track or separate title eng
050 04 - LIBRARY OF CONGRESS CALL NUMBER
Classification number 333.7 $2 18
110 2# - MAIN ENTRY--CORPORATE NAME
Corporate name or jurisdiction name as entry element Scottish Landscape Forum
9 (RLIN) 5363
245 00 - TITLE STATEMENT
Title Scotland's living landscapes
Remainder of title places for people
-- the Scottish Landscape Forum's report to Scottish ministers
Medium [electronic resource]
260 ## - PUBLICATION, DISTRIBUTION, ETC.
Place of publication, distribution, etc. Inverness
Name of publisher, distributor, etc. Scottish Landscape Forum
Date of publication, distribution, etc. 2007
300 ## - PHYSICAL DESCRIPTION
Extent 80p.
Dimensions 45cm.
520 ## - SUMMARY, ETC.
Summary, etc. Reports on the outcome of a short but intensive period of work by the Forum, which comprises public and non-governmental bodies, with a common interest in the future well-being, management and use of Scotland?s landscape resource and the emerging consensus on the need for renewed effort for Scotland's landscapes. Maps out the actions required by setting out 22 recommendations focusing on making Scotland a landscape leader, supporting communities and their landscapes, enhancing effort on landscape management and strengthening the position of landscape in policy.
651 #4 - SUBJECT ADDED ENTRY--GEOGRAPHIC NAME
Geographic name Scotland
Chronological subdivision 1999-
690 ## - LOCAL SUBJECT ADDED ENTRY--TOPICAL TERM (OCLC, RLIN)
Topical term or geographic name as entry element ENVIRONMENTAL AND LAND CONSULTANCY-ENVIRONMENTAL MANAGEMENT-ENVIRONMENTAL CONSERVATION-LANDSCAPE CONSERVATION
856 41 - ELECTRONIC LOCATION AND ACCESS
Uniform Resource Identifier <a href="https://www.snh.org.uk/strategy/landscapes/default.asp">https://www.snh.org.uk/strategy/landscapes/default.asp</a>
Public note View the report free of charge at www.snh.org.uk...
942 ## - ADDED ENTRY ELEMENTS (KOHA)
Suppress in OPAC 0
Holdings
Withdrawn status Lost status Source of classification or shelving scheme Damaged status Not for loan Home library Current library Shelving location Date acquired Total Checkouts Full call number Barcode Date last seen Copy number Price effective from Koha item type
    Dewey Decimal Classification     Virtual Virtual Online 02/10/2007   ONLINE PUBLICATION 140622-1001 06/08/2019 1 06/08/2019 Book